| 000 | 00694nam a22001811cc4500 | ||
|---|---|---|---|
| 001 | a987679854+Kniga3 | ||
| 035 | _aa987679854 | ||
| 008 | 200326s2019 gw |||| 000u rus d | ||
| 020 |
_a9785235040915 _9978-5-235-04091-5 |
||
| 245 | 0 | 0 |
_aUkrainskaja vojna _nKniga 3 _pVstrečnoe nastuplenie : Baltika - Litva - Pole (vtoraja polovina XVI v.) |
| 264 |
_aMoskva : _bMolodaja gvardija, _c2019 |
||
| 300 | _a916 Seiten | ||
| 246 | 1 | 2 |
_aUkrainskaja vojna : Vooružennaja bor'ba za Vostočnuju Evropu v XVI-XVII vv.. Vstrečnoe nastuplenie : Baltika - Litva - Pole (vtoraja polovina XVI v.) _nKniga 3 |
| 773 | 0 | 8 |
_wa987679854 _qKniga3 |
| 942 | _cMG | ||
| 040 | _cRU-10907106 | ||
| 003 | RU-10907106 | ||
| 999 |
_c30276 _d30276 |
||